000 00335pab a2200145 454500
008 180718b1989 xxu||||| |||| 00| 0 eng d
100 _aMehta, Dinesh
245 _aUrban housing finance in India
260 _c1989
300 _a44-53
362 _aMar.
650 _aHousing - Finance - India
773 _aNirnay
909 _a10144
999 _c10144
_d10144